El estado en la sociedad capitalista / (Record no. 104236)
[ view plain ]
| 000 -LEADER | |
|---|---|
| campo de control de longitud fija | 00691nam a2200217 i 4500 |
| 001 - NÚMERO DE CONTROL | |
| campo de control | 104236 |
| 003 - IDENTIFICADOR DE NÚMERO DE CONTROL | |
| campo de control | ES-MaACL |
| 005 - FECHA Y HORA DE LA ÚLTIMA TRANSACCIÓN | |
| campo de control | 20250830095358.0 |
| 007 - CAMPO FIJO DE DESCRIPCIÓN FÍSICA--INFORMACIÓN GENERAL | |
| campo de control de longitud fija | t| |
| 008 - DATOS DE LONGITUD FIJA--INFORMACIÓN GENERAL | |
| campo de control de longitud fija | 051125s1983 mx ||||1| spa d |
| 100 1# - ENTRADA PRINCIPAL--NOMBRE DE PERSONA | |
| Nombre de persona | Miliband, Ralph. |
| 9 (RLIN) | 81112 |
| 245 13 - MENCIÓN DEL TÍTULO | |
| Título | El estado en la sociedad capitalista / |
| Mención de responsabilidad, etc. | por Ralph Miliband ; [traducción de Francisco González Aramburu]. |
| 250 ## - MENCION DE EDICION | |
| Mención de edición | [12ª ed.]. |
| 260 ## - PUBLICACIÓN, DISTRIBUCIÓN, ETC. | |
| Lugar de publicación, distribución, etc. | México : |
| Nombre del editor, distribuidor, etc. | Siglo Veintiuno, |
| Fecha de publicación, distribución, etc. | 1983. |
| 300 ## - DESCRIPCIÓN FÍSICA | |
| Extensión | 273 p. ; |
| Dimensiones | 21 cm. |
| 650 07 - PUNTO DE ACCESO ADICIONAL DE MATERIA--TÉRMINO DE MATERIA | |
| Término de materia o nombre geográfico como elemento de entrada | Estado |
| Fuente del encabezamiento o término | embne |
| 9 (RLIN) | 12523 |
| 650 07 - PUNTO DE ACCESO ADICIONAL DE MATERIA--TÉRMINO DE MATERIA | |
| Término de materia o nombre geográfico como elemento de entrada | Socialismo |
| Fuente del encabezamiento o término | embne |
| 9 (RLIN) | 17147 |
| 700 1# - ENTRADA AGREGADA--NOMBRE PERSONAL | |
| Nombre de persona | González Aramburo, Francisco. |
| 9 (RLIN) | 58429 |
| 852 ## - LOCALIZACIÓN | |
| Ubicación | ES-MaACL |
| Número de control de estantería | L-8038 |
| Sublocalización o colección | R.108583 |
| Estatus retirado | Estado de pérdida | Estado de daño | No para préstamo | Biblioteca de origen | Biblioteca actual | Ubicación en estantería | Fecha de adquisición | Fuente de adquisición | Total de préstamos | Signatura topográfica completa | Código de barras | Visto por última vez | Precio de reemplazo | Tipo de ítem Koha |
|---|---|---|---|---|---|---|---|---|---|---|---|---|---|---|
| Biblioteca del Ateneo de Madrid | Biblioteca del Ateneo de Madrid | Depósito 2 | 17/01/2008 | L-8038 | 1108829 | 23/02/2023 | 23/02/2023 | Libro impreso |
